Регионална библиотека "Любен Каравелов" - Русе

Идеите за историята (Запис номер 10845)

MARC детайли
000 -Лидер
Контролно поле с фиксирана дължина 01409nam a2200337 c 4500
003 - Код на организацията, давaща контролен номер
Контролно поле BLK
005 - Дата и час на последна редакция
Контролно поле 20241029135743.0
008 - Елементи от данни с фиксирана дължина
fixed length control field 180412b bul|||||r ||||||| ||bul||
010 ## - Наследен системен номер
LC control number KNG00012357000
020 ## - Международен стандартен номер на книга ISBN
Международен стандартен номер на книга ISBN 954-427-225-9
-- издат.: Абагар
040 ## - Източник на каталожния запис
Идентификатор на билиотеката - собственик на записа BLK
041 ## - Код за език
Код за езика на текст/звукозапис или на отделно заглавие Български
Код за езика КДБФ Български
080 ## - УДК
Текстов определител УДК Теория и философия на историята. Морфология на историята
УДК код - определител по УДК 930.1
УДК определител
УДК - код + определител 930.1
080 ## - УДК
Текстов определител УДК Методи за изучаване на историята. Методология на историята
УДК код - определител по УДК 930.2
УДК определител
УДК - код + определител 930.2
100 ## - Редна дума - Автор
Автор Стоянов, Желязко Димитров
Дати, свързани с автора 1941 -
Автор - информация (биография) Философ
R(LIN) 377838
139 ## - Редно поле
Редна дума Стоянов, Желязко Димитров
Авторски знак Стоя - С 83
245 10 - Сведения за заглавието
Заглавие Идеите за историята
Редно поле (дума) Желязко Димитров Стоянов.
257 ## - Страна на издаване
Страна на създаване/издаване България
260 ## - Област на издателските данни
-- В. Търново
Име на издателя, разпространителя и проч. Абагар
Година на издаване 1996
300 ## - Физическа характеристика
Страници 431 с.
Размери/Мащаб 22 см
380 ## - Жанр
Жанр История
500 ## - Общи забележки
Забележка Деп. списък: 16 ; 1 000 тир
650 #4 - Допълнително описание по предмет – тема
Основно описание – тема или топоним История - теория и философия
9 (RLIN) 242501
650 #4 - Допълнително описание по предмет – тема
Основно описание – тема или топоним Историография - социално-философски проблеми
9 (RLIN) 245696
852 ## - Местоположение
Форматна сигнатура Цб 188865
856 4# - Електронен адрес и достъп
Електронен формат pdf - файл
Път до файла /url/
856 4# - Електронен адрес и достъп
Електронен формат pdf - файл
Път до файла /url/
942 ## - АРТИКУЛИ
Вид на библиотечния материал Книги
Скрит в OPAC Не
944 ## - СЪЗДАВАНЕ И РЕДАКЦИЯ на ЗАПИСА
Създаване/Редакция Създаване
Дата на регистрацията/редакция 15.01.2003
Служител, извършил регистрацията/редакцията 30560
Статус, дата на статуса Геновева Генчева
944 ## - СЪЗДАВАНЕ И РЕДАКЦИЯ на ЗАПИСА
Създаване/Редакция Редакция
Дата на регистрацията/редакция 24.10.2005
Служител, извършил регистрацията/редакцията
999 ## - СИСТЕМНИ КОНТРОЛНИ НОМЕРА
Koha biblionumber 10845
Koha biblioitemnumber 10845
Наличности
Код за отписване Код за изгубен артикул Източник на класификационната схема Код за повреда Коз за рестрикции Код за отдаване Артикулен № Име на библиотеката - собственик Име на библиотеката, в която се намира в момента Статус (Текущо местоположение) Дата на вписване в системата Местоположение - отдел Цена в лева Инвентарен номер Систематично азбучна сигнатура Баркод Номер на екземпляра Цена в евро Служебна бележка Служебен тип на артикула
  Не е изгубен Universal Decimal Classification Не е повреден без рестрикции ползва се в читалня 18801 Регионална библиотека "Любен Каравелов" Русе Регионална библиотека "Любен Каравелов" Русе Читалня 2001-01-01 Читалня 1.50 619613 Ч 930/С 83 120000619613 1 0.77 Дата инв: 28.03.2017 Бележки инв: Ч2017 Книги
Изтеглен Не е изгубен Universal Decimal Classification Не е повреден без рестрикции заемане за дома 18802 Регионална библиотека "Любен Каравелов" Русе Регионална библиотека "Любен Каравелов" Русе Заемна - подръчен фонд 2001-01-01 Заемна - подръчен фонд 1.50 619614 П 930/С 83 619614 2 0.77 Дата инв: 08.02.2018 Бележки инв: П2018 Книги
  Не е изгубен Universal Decimal Classification Не е повреден без рестрикции ползва се в читалня 18803 Регионална библиотека "Любен Каравелов" Русе Регионална библиотека "Любен Каравелов" Русе Хранилище 2001-01-01 Хранилище 1.50 622547 Цб 188865 120000622547 3 0.77   Книги
Vip Innovations Ltd, Rousse, Bulgaria 2025